| 000 | 01064pam a2200325 a 4500 | ||
|---|---|---|---|
| 001 | 013069057 | ||
| 003 | OSt | ||
| 005 | 20201128021116.0 | ||
| 008 | 041215t2006 xxuad grb 001 0 eng d | ||
| 010 | _a2004118204 | ||
| 020 | _a0324323840 (International student ed.) | ||
| 020 | _a0324288999 (student ed. package) | ||
| 020 | _a0324289006 (student ed. core text) | ||
| 020 | _a9780324323849 | ||
| 040 |
_aStDuBDS _beng _cStDuBDS _dUk _dEG-ScBUE |
||
| 082 | 0 | 0 |
_a332.6 _222 _bREI |
| 100 | 1 |
_aReilly, Frank K. _92813 |
|
| 245 | 1 | 0 |
_aInvestments / _cFrank K. Reilly, Edgar A. Norton.. |
| 250 |
_a7th ed., _binternational student ed. |
||
| 260 |
_aMason, United States : _bThomson South-Western, _cc.2006. |
||
| 300 |
_axviii, 734 p. : _bcharts, tables ; _c25 cm. |
||
| 500 | _aIncludes appendixes. | ||
| 500 | _aIncludes indexes. | ||
| 504 | _aIncludes bibliographical references. | ||
| 650 | 0 |
_aInvestments _99026 |
|
| 653 |
_bBUSADM _cNovember2014 |
||
| 655 |
_vreading book _934232 |
||
| 700 | 1 |
_aNorton, Edgar, _d1957- _936453 |
|
| 942 |
_2ddc _k332.6 REI |
||
| 999 |
_c18554 _d18526 |
||